|
|
|
|
| LEADER |
01534nam a2200421 a 4500 |
| 001 |
nkc20102150960 |
| 003 |
CZ PrNK |
| 005 |
20110628110650.0 |
| 007 |
ta |
| 008 |
110118s2010 xr a f 000 0 cze |
| 015 |
|
|
|a cnb002150960
|
| 020 |
|
|
|a 978-80-246-1838-8
|q (brož.)
|
| 035 |
|
|
|a (OCoLC)707608842
|
| 040 |
|
|
|a ABA001
|b cze
|
| 041 |
0 |
|
|a cze
|b eng
|
| 072 |
|
7 |
|a 796
|x Sport. Hry. Tělesná cvičení
|2 Konspekt
|9 20
|
| 080 |
|
|
|a 796.073
|2 MRF
|
| 080 |
|
|
|a (048.8:082)
|2 MRF
|
| 100 |
1 |
|
|a Slepička, Pavel,
|d 1944-
|7 jn20000710544
|4 aut
|
| 245 |
1 |
0 |
|a Divácká reflexe sportu /
|c Pavel Slepička a kolektiv
|
| 250 |
|
|
|a Vyd. 1.
|
| 260 |
|
|
|a Praha :
|b Karolinum,
|c 2010
|
| 300 |
|
|
|a 181 s. :
|b il. ;
|c 21 cm
|
| 504 |
|
|
|a Obsahuje bibliografii
|
| 546 |
|
|
|a Anglické resumé
|
| 550 |
|
|
|a Vydavatel: Univerzita Karlova v Praze
|
| 650 |
0 |
7 |
|a sportovní diváci
|7 ph200837
|2 czenas
|
| 650 |
0 |
9 |
|a sports spectators
|2 eczenas
|
| 655 |
|
7 |
|a kolektivní monografie
|7 fd501537
|2 czenas
|
| 655 |
|
9 |
|a collective monographs
|2 eczenas
|
| 710 |
2 |
|
|a Univerzita Karlova
|7 kn20010710036
|
| 856 |
4 |
1 |
|u http://www.digitalniknihovna.cz/mzk/uuid/uuid:861ce4f0-67cc-11e8-a583-005056827e51
|y Digitalizovaný dokument
|x NDK
|
| 910 |
2 |
|
|a BOA001
|b 2-1262.715
|
| 990 |
|
|
|a BK
|
| 995 |
|
|
|a 01
|
| 991 |
|
|
|b 201103
|c NOV
|e n
|
| 996 |
6 |
|
|b 2610468577
|c 2-1262.715
|l MZK
|r Sklad / do 1 hodiny
|n 14
|p p.v.
|w 001169918
|u 000010
|a 1
|e BOA001
|j MZK50
|s P
|
| 996 |
7 |
|
|b 2610483135
|c 2-1262.715
|l MZK
|r Sklad / do 1 hodiny
|n 24
|p kup
|w 001169918
|u 000020
|a 1
|e BOA001
|j MZK50
|s A
|